<?xml version="1.0" encoding="UTF-8"?>
<collection xmlns="http://www.loc.gov/MARC21/slim">
 <record>
  <leader>00457nab a2200157 c 4500</leader>
  <controlfield tag="001">bibPHI0037310</controlfield>
  <controlfield tag="005">20200924123801.1</controlfield>
  <controlfield tag="008">100325s1939    hu                  hun  </controlfield>
  <datafield tag="100" ind1="1" ind2=" ">
   <subfield code="a">Ervin Gábor</subfield>
  </datafield>
  <datafield tag="245" ind1="1" ind2="0">
   <subfield code="a">Irodalom</subfield>
   <subfield code="b">metafizika</subfield>
   <subfield code="b">Lotz: Sein und Wert. Paderborn, 1938.</subfield>
   <subfield code="c">Ervin Gábor</subfield>
  </datafield>
  <datafield tag="695" ind1=" " ind2=" ">
   <subfield code="a">értékelmélet</subfield>
  </datafield>
  <datafield tag="695" ind1=" " ind2=" ">
   <subfield code="a">neveléselmélet</subfield>
  </datafield>
  <datafield tag="695" ind1=" " ind2=" ">
   <subfield code="a">jó</subfield>
  </datafield>
  <datafield tag="695" ind1=" " ind2=" ">
   <subfield code="a">egzisztencializmus</subfield>
  </datafield>
  <datafield tag="700" ind1="1" ind2=" ">
   <subfield code="a">Lotz</subfield>
  </datafield>
  <datafield tag="773" ind1="0" ind2=" ">
   <subfield code="t">Bölcseleti Közlemények</subfield>
   <subfield code="g">5.1939:1. p. 81-82.</subfield>
  </datafield>
 </record>
</collection>
